01485nam a22002417a 4500003000900000008004100009040007100050082006100121110005500182245008400237260004300321300002900364440006400393505055500457650002001012650002801032650002301060650001601083700003001099700002901129700003001158710005501188AR-CdUCM190425b ||||| |||| 00| 0 spa d aMUNICIPALIDAD PROVINCIAL DEL CUSCOcBIBLIOTECA MUNICIPAL DEL CUSCO aRev.Univ/N°69/1935bRev.Univ/N°69/19352diciembre 1935 aUniversidad Nacional de San Antonio Abad del Cusco aRevista Universitaria :bÓrgano de la Universidad del Cuzco fundada en 1692 / aCusco :bH. G. Rozas,cdiciembre 1935. a224 páginas. :c20 cm. aRevista UniversitarianAño XXIV, 2° semestre 1935, N°69 aContenido: Personal de la revista. -- Nuevos rumbos M.A.N. -- Las transformaciones del derecho privado. -- José Luis Bustamante y Rivero. -- El petróleo i sus proyecciones en el Perú en los últimos 15 años. Humberto Nuñez Borja. -- Las comunidades indígenas. Jorge Cornejo Bouroncle. -- La Novela Indigenista. Alfredo Yépez Miranda. -- Darwin en el Perú. Cesar Vargas C. -- Doctor Cosme Pacheco. -- Sajsawaman. Federico Ponce de León. -- Notas adicionales sobre Sacsaywamán. Federico Ponce de León. -- Estatuto Universitario. aDerecho privado aComunidades indígenas aNovela indigenista aSaqsaywaman aNúñez Borja, Humberto aYépez Miranda, Alfredo aPonce de León, Federico aUniversidad Nacional de San Antonio Abad del Cusco